| 000 | 00580nas a2200217 4500 | ||
|---|---|---|---|
| 001 | BR9600229 | ||
| 003 | BR-BrBNA | ||
| 005 | 20231205094655.0 | ||
| 007 | ta | ||
| 008 | 230509b bl.|||p| |||| 00| 00por d | ||
| 040 |
_aBR-BrBNA _bpor _cBiblioteca Nacional de Agricultura |
||
| 041 | _a(Pt) | ||
| 072 | _aE80 | ||
| 100 | 1 | _aAnon. | |
| 245 | 1 | _aBolo de banana e coco | |
| 650 | _aBolo | ||
| 650 | _aCulinaria | ||
| 773 | 0 |
_tIndustria de Panificacao (Brazil) _x _g(Oct 1995), v. 60(643) p. 16-18 _wBR9600229 |
|
| 909 |
_a202311 _bLúcia _c55 _dLúcia Elande |
||
| 942 |
_2AGRIS _n0 _cANA |
||
| 999 |
_c146061 _d146061 |
||